00585nam a22001457a 4500003000400000005001700004008004100021040001400062100002500076245015500101260000900256300002800265500011300293504003300406OSt20171010095518.0120816t xxu||||| |||| 00| 0 eng d aMMSUcULS aNeolaka, Victoria A. aFactors influencing academic performance of Bachelor of Science in Agriculture graduates of selected state universities in Luzon cVictoria A. Neolaka c2001 axv, 185 leaves c28 cm. aThesis (MS Educational Management) -- Central Luzon State University-Graduate School, Muñoz, Nueva Ecija  aBibliography: leaves 136-146